000 00818nas a2200265 4500
001 BR0800068
003 BR-BrBNA
005 20231205111428.0
007 ta
008 230509b bl.|||p| |||| 00| 00por d
040 _aBR-BrBNA
_bpor
_cBiblioteca Nacional de Agricultura
041 _a(Pt)
072 _aL70
100 1 _aRibeiro, M.G.
100 1 _aHeadley, S.A.
100 1 _aPinto, L.V.
100 1 _aRamos, F.S.
100 1 _aVertuan, A.C.L.R.
245 1 _aHernia diafragmática em eqüino - relato de caso
_b7 Jornada de Medicina Veterinaria
650 _aCAVALO
650 _aHÉRNIA
773 0 _tArquivos de Ciências Veterinárias e Zoologia da UNIPAR (Brazil)
_xISSN 1415-8167
_g(Jul-Dec 2002), v. 5(2) p. 304
_wBR0800068
909 _a202311
_bLúcia
_c55
_dLúcia Elande
942 _2AGRIS
_n0
_cANA
999 _c192676
_d192676